000 00875nam a2200253Ia 4500
003 OSt
005 20220923211653.0
006 a|||||r|||| 00| 0
007 ta
008 220922b |||||||| |||| 00| 0 san d
024 _a42,109
037 _cTextual
040 _aARTS
_cARTS
_bsan
041 _2san
_asan
082 _aO15,6NDWx, M4 (EPS)
100 _aद्विवेदी, कपिल देव
245 0 _aसंस्कृत निबन्ध शतकम्
246 _aSanskṛut nibandha shatakam
260 _aवाराणसी
_b विश्वविधालय प्रकाशन
_c1984
300 _a331पृ.
_ccm.
650 _aहिन्दी साहित्य
_9156264
942 _hO15,6NDWx, M4 (EPS)
_cTEXL
_2CC
999 _c302417
_d302417